000 00659nam a2200157Ia 4500
008 231221s9999 xx 000 0 und d
020 _a978-3-642-17773-6
041 _aEnglish
100 _aBruce Christianson, Bruno Crispo, James A. Malcolm, Michael Roe
245 0 _aSecurity Protocols
260 _c2011
_bSpringer US
_aNew York
440 _aLecture Notes in Computer Science
650 _aComputer Communication Networks; Data Encryption; Management of Computing and Information Systems; Algorithm Analysis and Problem Complexity; Information Systems Applications (incl.Internet); Computers and Society
650 _aComputer Science
942 _cEB
999 _c223822
_d223822